header

Franklin in his own time (Record no. 216866)

MARC details
000 -LEADER
fixed length control field 01874nam a2200445 a 4500
082 04 - DEWEY DECIMAL CLASSIFICATION NUMBER
Classification number 973.3092
-- B
245 00 - TITLE STATEMENT
Title Franklin in his own time
260 ## - PUBLICATION, DISTRIBUTION, ETC. (IMPRINT)
Place of publication Iowa City :
Name of publisher University of Iowa Press,
Year of publication c2011.
300 ## - PHYSICAL DESCRIPTION
Number of Pages xxxix, 196 p.
490 1# - SERIES STATEMENT
Series statement Writers in their own time
650 #0 - SUBJECT ADDED ENTRY--TOPICAL TERM
Topical Term Statesmen
Topical Term Scientists
Topical Term Inventors
Topical Term Printers
700 1# - ADDED ENTRY--PERSONAL NAME
Personal name Hayes, Kevin J.
Personal name Bour, Isabelle.
856 40 - ELECTRONIC LOCATION AND ACCESS
Uniform Resource Identifier http://site.ebrary.com/lib/rucke/Doc?id=10477353

No items available.

© 2026 Rongo University
Contact us: librarian | system librarian | Rongo university